Judicial systems in transition economies : Assessing the past, looking to the future
The study shows, rather disturbingly, that less progress has been made in judicial reform than in most other areas of institutional reform in these countries. The transition from socialism to capitalism requires a fundamental reorientation of legal and judicial institutions. This study reviews the e...
Wedi'i Gadw mewn:
| Prif Awdur: | |
|---|---|
| Fformat: | Llyfr |
| Iaith: | Undetermined |
| Cyhoeddwyd: |
Washington DC
The World Bank
2005
|
| Pynciau: | |
| Tagiau: |
Ychwanegu Tag
Dim Tagiau, Byddwch y cyntaf i dagio'r cofnod hwn!
|
| Thư viện lưu trữ: | Trung tâm Học liệu Trường Đại học Cần Thơ |
|---|
| LEADER | 01220nam a2200229Ia 4500 | ||
|---|---|---|---|
| 001 | CTU_166437 | ||
| 008 | 210402s9999 xx 000 0 und d | ||
| 020 | |c 20.00 | ||
| 082 | |a 340.11 | ||
| 082 | |b A547 | ||
| 100 | |a Anderson, James H. | ||
| 245 | 0 | |a Judicial systems in transition economies : | |
| 245 | 0 | |b Assessing the past, looking to the future | |
| 245 | 0 | |c James H. Anderson, David S. Bernstein, Cheryl W. Gray | |
| 260 | |a Washington DC | ||
| 260 | |b The World Bank | ||
| 260 | |c 2005 | ||
| 520 | |a The study shows, rather disturbingly, that less progress has been made in judicial reform than in most other areas of institutional reform in these countries. The transition from socialism to capitalism requires a fundamental reorientation of legal and judicial institutions. This study reviews the environment preceding reforms, forces that provoked and supported them, and the reform agendas undertaken in these countries since 1990. | ||
| 650 | |a Law and economic development,Law reform,Phát triển kinh tế và luật,Cải cách luật | ||
| 650 | |x Economic aspects,Khía cạnh kinh tế | ||
| 904 | |i Trọng Hiếu | ||
| 980 | |a Trung tâm Học liệu Trường Đại học Cần Thơ | ||